Normal view
MARC view
- Dr. Rafiq Muhammad Choudhary
Entry Personal Name
001 - CONTROL NUMBER
- control field: 29013
003 - CONTROL NUMBER IDENTIFIER
- control field: NUST
005 - DATE AND TIME OF LATEST TRANSACTION
- control field: 20200316154620.0
008 - FIXED-LENGTH DATA ELEMENTS
- fixed length control field: 200316|| aca||aabn | a|a d
040 ## - CATALOGING SOURCE
- Original cataloging agency: NUST
- Transcribing agency: NUST
100 ## - HEADING--PERSONAL NAME
- Personal name: Dr. Rafiq Muhammad Choudhary
670 ## - SOURCE DATA FOUND
- Source citation: Work cat.: (NUST): Haider, Zeeshan 29012, Study of safety training needs for construction workers, supervisors, middle management and top management /, 2013.
